000 00492nam a22001817a 4500
003 UA-OsUOA
001 13420
007 ta
008 20030523b un ||||| |||| 00| 0 ukr d
100 _aІльчук В.
942 _cSA
040 _aUA-OsUOA
_cUA-OsUOA
_dUA-OsUOA
245 _aОлісма - з бурштиновим Меркурієм
300 _aС.5
955 _a0
773 0 _w0
_tОго
_dРівне
_d2003
_g№77/1 трав./
650 7 _aКраєзнавча робота
_2UDC
999 _c299581
_d299581